[Event "Hungary"]
[Site "?"]
[Date "2001.??.??"]
[Round "10"]
[White "Gyimesi Zoltan"]
[Black "Karolyi Tibor Jr"]
[Result "1/2-1/2"]
[WhiteElo "2605"]
[BlackElo "2415"]
[PlyCount "87"]
[EventDate "2001.??.??"]
[Source "www.chesslib.no"]
[SourceDate "2004.05.04"]

1. d4 Nf6 2. c4 g6 3. Nc3 d5 4. Nf3 Bg7 5. Qb3 dxc4 6. Qxc4 O-O 7. e4 Nc6 8. Be2 Bg4 9. d5 Na5 10. Qb4 Bxf3 11. Bxf3 c6 12. O-O cxd5 13. exd5 Rc8 14. Re1 Re8 15. Be3 b6 16. Rac1 Nc4 17. Bf4 Bf8 18. Qb3 a6 19. Re2 Qd7 20. Rce1 b5 21. h3 Red8 22. a3 Qf5 23. Bc1 h5 24. a4 bxa4 25. Qxa4 Rd6 26. Qa2 Rb6 27. Qa4 Qd7 28. Qa2 a5 29. Bg5 Rb4 30. Bxf6 exf6 31. d6 Qxd6 32. Bd5 Kg7 33. Bxc4 Rcxc4 34. Qxa5 Qc6 35. Qa1 Qb7 36. Rd1 Bc5 37. Nd5 Rb3 38. Qa2 Bd4 39. Ne3 Bxe3 40. Rxe3 Rcb4 41. Rxb3 Rxb3 42. Rd7 Qb4 43. Qa7 Qc4 44. Rc7 1/2-1/2

[Event "CZE-ch"]
[Site "Opava"]
[Date "2000.05.25"]
[Round "4"]
[White "Babula, Vlastimil"]
[Black "Konopka, Michal"]
[Result "1/2-1/2"]
[WhiteElo "2573"]
[BlackElo "2442"]
[PlyCount "56"]
[EventDate "2000.05.22"]
[Source "ChessBase"]
[SourceDate "2000.07.11"]

1. d4 Nf6 2. c4 g6 3. Nc3 d5 4. Nf3 Bg7 5. Qb3 dxc4 6. Qxc4 O-O 7. e4 Bg4 8. Be3 Nbd7 9. Qb3 Nb6 10. Rd1 Nfd7 11. d5 Ne5 12. Be2 Nxf3+ 13. gxf3 Bh5 14. Rg1 Qc8 15. Rg3 c6 16. a4 Qc7 17. Qa3 f5 18. dxc6 bxc6 19. a5 Nc8 20. exf5 Rxf5 21. Ne4 Nd6 22. Nc5 Kh8 23. Bd4 Bxd4 24. Rxd4 Nb5 25. Bxb5 Qe5+ 26. Re4 Qxc5 27. Qxc5 Rxc5 28. Bc4 Rb8 1/2-1/2

[Event "Tatran Cup"]
[Site "Stary Smokovec"]
[Date "1991.??.??"]
[Round "8"]
[White "Horvath, Csaba"]
[Black "Stohl, Igor"]
[Result "1-0"]
[WhiteElo "2450"]
[BlackElo "2555"]
[PlyCount "41"]
[EventDate "1991.10.??"]
[Source "ChessBase"]

1. d4 Nf6 2. c4 g6 3. Nc3 d5 4. Nf3 Bg7 5. Qb3 dxc4 6. Qxc4 O-O 7. e4 Bg4 8. Be3 Nfd7 9. Rd1 Nb6 10. Qc5 e5 11. dxe5 N8d7 12. Qb5 c6 13. Qb4 Qc7 14. Qd6 Qc8 15. e6 Bxe6 16. Bd4 Bh6 17. Qg3 c5 18. Be3 Bxe3 19. fxe3 f6 20. Bb5 Nc4 21. Rxd7 1-0

[Event "Nagykanizsa 1st"]
[Site "Nagykanizsa"]
[Date "2003.11.07"]
[Round "3"]
[White "Gyimesi, Zoltan"]
[Black "Flumbort, Andras"]
[Result "1-0"]
[WhiteElo "2537"]
[BlackElo "2467"]
[PlyCount "61"]
[EventDate "2003.11.05"]
[Source "ChessBase"]
[SourceDate "2004.03.30"]

1. d4 Nf6 2. c4 g6 3. Nc3 d5 4. Nf3 Bg7 5. Qb3 dxc4 6. Qxc4 O-O 7. e4 Nc6 8. Be2 Bg4 9. d5 Na5 10. Qb4 Bxf3 11. Bxf3 c6 12. O-O Qb6 13. Qxe7 Nc4 14. dxc6 bxc6 15. Bf4 Rfe8 16. Qc7 Qxc7 17. Bxc7 Nd7 18. Rad1 Nde5 19. Na4 Nxf3+ 20. gxf3 Nxb2 21. Nxb2 Bxb2 22. Rd7 Ba3 23. Rb1 Re7 24. Rxe7 Bxe7 25. Rb7 a5 26. Kf1 a4 27. Ke2 Kf8 28. Kd3 Bc5 29. Kc4 Ba7 30. Bg3 Kg7 31. Rb4 1-0

[Event "Wichern op 5th"]
[Site "Hamburg"]
[Date "1999.10.17"]
[Round "3.8"]
[White "Richter, Michael"]
[Black "Ftacnik, Lubomir"]
[Result "0-1"]
[WhiteElo "2410"]
[BlackElo "2589"]
[PlyCount "82"]
[EventDate "1999.10.15"]
[Source "www.chesslib.no"]
[SourceDate "2004.05.04"]

1. d4 Nf6 2. c4 g6 3. Nf3 Bg7 4. Nc3 d5 5. Qa4+ Bd7 6. Qb3 dxc4 7. Qxc4 O-O 8. e4 Bg4 9. Be3 Nfd7 10. Rd1 Nc6 11. Qb3 e5 12. dxe5 Ncxe5 13. Be2 Nxf3+ 14. gxf3 Be6 15. Qxb7 Rb8 16. Qxa7 Rxb2 17. Bd4 c5 18. Bxg7 Kxg7 19. Qa3 Qb6 20. Na4 Qa5+ 21. Qc3+ Qxc3+ 22. Nxc3 Rc2 23. Nd5 Rxa2 24. f4 Bxd5 25. exd5 Re8 26. Rd2 Ra1+ 27. Rd1 Rxd1+ 28. Kxd1 Nf6 29. Bf3 Nxd5 30. Bxd5 Rd8 31. Ke2 Rxd5 32. Ke3 Rd8 33. Rc1 Rc8 34. Rc4 Kf6 35. Ke4 Ke6 36. f5+ gxf5+ 37. Kf4 Kd5 38. Rc1 c4 39. Kxf5 Rc6 40. Rd1+ Kc5 41. f4 c3 0-1